Culture Générale - Clic Quiz - La réponse est en emoji par IA #26 - Statistiques

Statistiques générales
  • Ce quiz a été pris 200 fois
  • Le résultat moyen est 20 sur 40
Statistiques - réponses
Hint Réponse % Correct
E.T.
88%
Sonic
88%
Grinch
87%
Barack Obama
85%
Mika
79%
Damso
78%
Oncle Sam
77%
Arno Dorian (Assassin's Creed)
77%
Drake
75%
Tony Parker
75%
Pythagore
74%
Agent Smith (Matrix)
73%
Pierre Gasly
69%
Jean Moulin
64%
Kratos
63%
Hugh Laurie
60%
George Lucas
57%
Agent 47 (Hitman)
56%
Oncle Fétide
48%
Buckethead
43%
Axl Rose
41%
Charlie Sheen
40%
Benjamin Castaldi
40%
Sir Oswald Mosley
37%
Nekfeu
36%
Tim Duncan
36%
Gregg Popovich
30%
Mark Sloan
29%
Pancho Villa
29%
Alex Karev
28%
Manu Ginobili
26%
Harvey Keitel
26%
John Lydon "Johnny Rotten" (Sex Pistols)
25%
Manu Levy
24%
Denis Villeneuve
23%
Paul Kagame
22%
Lee Harvey Oswald
22%
Vincent Price
15%
Tom Delonge (Blink-182)
14%
Xavier Dupont de Ligonnès
12%
Aucun quiz correspondant
Distribution des résultats
% des personnes avec chaque résultat
Percentile par nombre de réponses
Votre historique - résultats
Vous n’avez pas pris ce quiz